| 000 | 00491nam a2200169Ia 4500 | ||
|---|---|---|---|
| 008 | 240729s9999 xx 000 0 und d | ||
| 022 | _a2645-3835 | ||
| 245 | 0 | _aHealth Technology Assessment in Action | |
| 260 | _aIran, Islamic Republic of | ||
| 260 | _bTehran University of Medical Sciences | ||
| 650 | _a Biology (General) | ||
| 650 | _a Economic biology | ||
| 650 | _aScience | ||
| 856 | _uhttps://doaj.org/toc/010e998e390d4db2ae1d636066e06e25 | ||
| 942 | _2ddc | ||
| 942 | _cDOAJEJ | ||
| 999 |
_c69301 _d69301 |
||
| 945 |
_a1 _bMadushi Gamage _c1 _dMadushi Gamage |
||